| 000 | 00446nam a2200169Ia 4500 | ||
|---|---|---|---|
| 003 | GCL | ||
| 008 | 140319s9999 xx 000 0 eng d | ||
| 040 |
_aGCL / _cGCL |
||
| 082 | 0 | 4 |
_a691 _bC C |
| 100 | 1 | _aCHUDLEY, R | |
| 245 | 1 | 0 |
_aCONSTRUCTION TECHNOLOGY / _cCHUDLEY, R |
| 260 |
_a[S.N] : _bELBS WITH LONGMAN ، _c1987 |
||
| 650 | 0 | 4 | _aالتحليل الرياضى |
| 650 | 0 | 4 | _aCIVIL ENGINEERING |
| 650 | 0 | 4 | _aCONSTRUCTION |
| 942 |
_2ddc _cBK |
||
| 999 |
_c19771 _d19771 |
||